Modern materials handling productivity solutions for manufacturing, warehousing & distribution

Uložené v:
Podrobná bibliografia
Médium: Seriál
Jazyk:English
Vydavateľské údaje: Boston Cahners publ.
Tagy: Pridať tag
Žiadne tagy, Buďte prvý, kto otaguje tento záznam!

MARC

LEADER 00000nas1a2200000 4500
001 0014802
005 20201208112755.7
022 |a 0026-8038 
041 0 |a eng 
044 |a US 
245 1 0 |a Modern materials handling  |b productivity solutions for manufacturing, warehousing & distribution 
264 1 |a Boston  |b Cahners publ.